| 000 | 00876nam a2200193 u 4500 | ||
|---|---|---|---|
| 001 | 000628319 | ||
| 003 | AM-YeHGA | ||
| 005 | 20250617140336.0 | ||
| 008 | 090202s1986 ai | |||||||||||||rus|d | ||
| 040 | _aAM-YeHGA | ||
| 041 | 0 | _arus | |
| 245 | 0 | 0 |
_aЗемельные ресурсы Северного Кавказа : _bЗемельный фонд и его использование / _cОтв. ред. А.С. Чешев. |
| 260 |
_aРостов-на-Дону : _bРостовского ун-та, _c1986. |
||
| 300 |
_a288 с. : _bтабл. ; _c20 см. |
||
| 440 | 0 | _aПриродные ресурсы и производительные силы Северного Кавказа | |
| 650 | 1 | 4 | _aОборудование сельскохозяйственного производства в целом |
| 700 | 1 |
_aЧешев, А.С _eред. _4edt |
|
| 090 | _c219752 | ||
| 999 |
_c218224 _d218224 |
||